Roulette russe - mort subite - Statistiques

Statistiques générales
  • Ce quiz a été pris 16 548 fois
  • Le résultat moyen est 4 sur 12
Answers on the Grid
Answers color-coded by a green-red scale on the quiz's grid according to % correct below.
x
x
x
x
x
x
x
x
x
x
x
x
x
x
x
 
Statistiques - réponses
Réponse % Correct
x
33%
x
33%
x
32%
x
32%
x
31%
x
31%
x
31%
x
31%
x
31%
x
30%
x
30%
x
29%
Aucun quiz correspondant
Distribution des résultats
% des personnes avec chaque résultat
Percentile par nombre de réponses
Votre historique - résultats
Vous n’avez pas pris ce quiz